Language Quiz

Random Language or Numbers Quiz

Filipino Numbers Quiz Stats

 Plays Quiz not verified by Sporcle

Score 0/10 Timer 05:00
0 Plays Today
Numbers % Correct
Isa
99.5%
Dalawa
97.4%
Tatlo
96.7%
Apat
95.3%
Lima
94.8%
Pito
91.1%
Anim
91%
Walo
90.3%
Sampu
77.7%
Siyam
77.2%

You're not logged in!

Compare scores with friends on all Sporcle quizzes.
OR
Log In

You Might Also Like...

Show Comments

Extras

Created Jan 8, 2010ReportNominate
Tags:Numbers Quiz, 1-10, filipino

Top Quizzes Today


Score Distribution

Your Account Isn't Verified!

In order to create a playlist on Sporcle, you need to verify the email address you used during registration. Go to your Sporcle Settings to finish the process.

Report this User

Report this user for behavior that violates our Community Guidelines.

Details: